000 00361nam a2200145Ia 4500
008 230917s9999||||xx |||||||||||||| ||und||
040 _e70582
_aMAIN
041 _aEnglish
082 _a338.130954 S83A
100 _aSatish Chandra
245 0 _aAgricultural price policy in India
260 _aAllahabad
_bChugh
_c1985
300 _aviii, 187 p.
942 _cBK
999 _c46577
_d46577